000 00420 a2200157 4500
001 190608
020 _a85-262-3178-2
040 _cMagnum
100 _aCompany, Mercè
240 1 0 _aAs sobrinhas da bruxa Onilda e ali-babá e os quarenta ladrões
_lpor
245 1 0 _aAs sobrinhas da bruxa Onilda e ali-babá e os quarenta ladrões
300 _a31
362 0 _a2001
697 _aLITERATURA INFANTO
942 _cBK
999 _c190608
_d190608